Sports Quiz

Random Sports or NBA Quiz
Score 0/15 Timer 05:00
1 Play Today
Position Player % Correct
SFPaul George
96.6%
SFDanny Granger
77.6%
SGVictor Oladipo
76.9%
CRoy Hibbert
76.2%
CJermaine O'Neal
74.8%
CRik Smits
74.8%
PGMark Jackson
59.2%
SGJalen Rose
46.9%
Position Player % Correct
SGLance Stephenson
42.2%
PFGeorge McGinnis
34%
PFDetlef Schrempf
28.6%
CHerb Williams
24.5%
SFChuck Person
23.1%
PFClark Kellogg
15%
PGFreddie Lewis
12.2%
Remove Ads.
Support Sporcle.
Get the best of Sporcle when you Go Orange. This ad-free experience offers more features, more stats, and more fun while also helping to support Sporcle. Thank you for becoming a member.

You're not logged in!

Compare scores with friends on all Sporcle quizzes.
OR
Log In

Show Comments

Extras

Created Oct 2, 2019ReportNominate
Tags:NBA Quiz

Top Quizzes Today


Score Distribution

Your Account Isn't Verified!

In order to create a playlist on Sporcle, you need to verify the email address you used during registration. Go to your Sporcle Settings to finish the process.

Report this User

Report this user for behavior that violates our Community Guidelines.

Details: